|
|
|
|
| LEADER |
01070nam a2200277 u 4500 |
| 001 |
10022804 |
| 003 |
upatras |
| 005 |
20210726102034.0 |
| 008 |
990123s1992 us eng |
| 020 |
|
|
|a 0306442639
|
| 040 |
|
|
|a GR-PaULI
|c GR-PaULI
|
| 041 |
0 |
|
|a eng
|
| 082 |
0 |
4 |
|a 542
|
| 245 |
1 |
0 |
|a Atomic and molecular properties
|c edited by Stephen Wilson
|
| 260 |
|
|
|a New York
|b Plenum Press
|c 1992
|
| 300 |
|
|
|a xiv, 349 p.
|b fig.
|c 24 cm.
|
| 490 |
0 |
|
|a Methods in computational chemistry
|v 5
|
| 504 |
|
|
|a Includes bibliographical references and indexes
|
| 650 |
|
4 |
|a Χημεία
|x Ηλεκτρονικοί υπολογιστές
|9 3729
|
| 700 |
1 |
|
|a Wilson, S.
|q (Stephen),
|d 1950-
|4 edt
|9 57101
|
| 760 |
0 |
|
|a Methods in computational chemistry
|g 5
|
| 852 |
|
|
|a GR-PaULI
|b ΠΑΤΡΑ
|b ΒΚΠ
|b ΒΣ1
|k ΑΣΧΞ
|h 542 W
|m 044877
|p 025000057506
|t 1
|
| 942 |
|
|
|2 ddc
|c BK15
|
| 952 |
|
|
|0 0
|1 0
|4 0
|6 542_000000000000000_W
|7 0
|9 188032
|a LISP
|b LISP
|c BSC
|d 2016-04-24
|i 044877
|l 0
|o 542 W
|p 025000057506
|r 2016-04-24 00:00:00
|t 1
|w 2016-04-24
|y BK15
|
| 998 |
|
|
|c MANIAKH
|d 1999-06
|
| 999 |
|
|
|c 115926
|d 115926
|